[Event "XI Paracin Festival 2018"]
[Site "Paracin"]
[Date "2018.07.10"]
[Round "5"]
[White "Damljanovic, Branko"]
[Black "Dimitrov, Vladimir"]
[Result "1/2-1/2"]
[WhiteElo "2508"]
[BlackElo "2308"]
[Annotator "ChessBase"]
[PlyCount "40"]
[EventDate "2018.07.06"]
[EventType "swiss"]
[EventCountry "SRB"]
[SourceTitle "playchess.com"]
[Source "ChessBase"]
[SourceQuality "1"]
[TimeControl "5400+30"]

1. d4 {[%emt 0:00:17]} Nf6 {[%emt 0:00:26]} 2. c4 {[%emt 0:00:06]} e6 {[%emt 0:00:07]} 3. Nf3 {[%emt 0:00:13]} b6 {[%emt 0:00:09]} 4. g3 {[%emt 0:00:05]} Ba6 {[%emt 0:00:08]} 5. b3 {[%emt 0:00:03]} Bb7 {[%emt 0:00:21]} 6. Bg2 {[%emt 0:00:02]} Bb4+ {[%emt 0:00:09]} 7. Bd2 {[%emt 0:00:03]} a5 {[%emt 0:00:09]} 8. O-O {[%emt 0:00:36]} O-O {[%emt 0:00:07]} 9. Nc3 {[%emt 0:01:13]} Ne4 {[%emt 0:00:28]} 10. Nxe4 {[%emt 0:10:23]} Bxe4 {[%emt 0:05:22]} 11. Bxb4 {[%emt 0:02:48]} axb4 {[%emt 0:01:37]} 12. Qd2 {[%emt 0:00:02]} Qe7 {[%emt 0:05:53]} 13. Rfd1 {[%emt 0:18:45]} c5 {[%emt 0:10:36]} 14. Qe3 {[%emt 0:13:20]} f5 {[%emt 0:01:20]} 15. Rd2 {[%emt 0:06:53]} Nc6 {[%emt 0:08:19]} 16. d5 {[%emt 0:03:42]} Qf6 {[%emt 0:02:59]} 17. Rc1 {[%emt 0:16:52]} exd5 {[%emt 0:00:33]} 18. cxd5 {[%emt 0:00:01]} Na7 {[%emt 0:01:04]} 19. h4 {[%emt 0:11:39]} h6 {[%emt 0:02:26]} 20. h5 {[%emt 0:01:24]} Rae8 {[%emt 0:01:47]} 1/2-1/2

[Event "XI Paracin Festival 2018"]
[Site "Paracin"]
[Date "2018.07.10"]
[Round "5"]
[White "Yilmazyerli, Mert"]
[Black "Savanovic, Vuk"]
[Result "1/2-1/2"]
[WhiteElo "2491"]
[BlackElo "2294"]
[Annotator "ChessBase"]
[PlyCount "121"]
[EventDate "2018.07.06"]
[EventType "swiss"]
[EventCountry "SRB"]
[SourceTitle "playchess.com"]
[Source "ChessBase"]
[SourceQuality "1"]
[TimeControl "5400+30"]

1. e4 {[%emt 0:00:00]} c5 {[%emt 0:00:00]} 2. b3 {[%emt 0:00:00]} Nc6 {[%emt 0:04:24]} 3. Bb2 {[%emt 0:00:00]} Nf6 {[%emt 0:05:30]} 4. e5 {[%emt 0:00:04]} Nd5 {[%emt 0:00:12]} 5. Nf3 {[%emt 0:00:06]} e6 {[%emt 0:04:03]} 6. g3 {[%emt 0:00:18]} Be7 {[%emt 0:01:53]} 7. Bg2 {[%emt 0:00:07]} O-O {[%emt 0:00:54]} 8. O-O {[%emt 0:00:11]} f6 {[%emt 0:03:36]} 9. Nc3 {[%emt 0:02:15]} Nxc3 {[%emt 0:11:15]} 10. Bxc3 {[%emt 0:00:43]} d5 {[%emt 0:07:24]} 11. exd6 {[%emt 0:07:32]} Qxd6 {[%emt 0:00:30]} 12. d3 {[%emt 0:03:56]} e5 {[%emt 0:23:48]} 13. Nd2 {[%emt 0:00:31]} Be6 {[%emt 0:01:12]} 14. f4 {[%emt 0:00:38]} exf4 {[%emt 0:00:16]} 15. Rxf4 {[%emt 0:02:59]} f5 {[%emt 0:02:23]} 16. Nc4 {[%emt 0:02:05]} Qd7 {[%emt 0:01:52]} 17. Rf1 {[%emt 0:04:07]} Bf6 {[%emt 0:01:17]} 18. Bxf6 {[%emt 0:03:48]} Rxf6 {[%emt 0:00:43]} 19. Qd2 {[%emt 0:01:21]} Bxc4 {[%emt 0:04:29]} 20. bxc4 {[%emt 0:00:20]} Raf8 {[%emt 0:00:14]} 21. Kh1 {[%emt 0:00:27]} Ne5 {[%emt 0:00:55]} 22. Qe3 {[%emt 0:02:13]} Qd6 {[%emt 0:02:29]} 23. Bxb7 {[%emt 0:01:39]} Ng6 {[%emt 0:00:18]} 24. Rae1 {[%emt 0:03:46]} Kh8 {[%emt 0:06:48]} 25. c3 {[%emt 0:04:12]} f4 {[%emt 0:02:35]} 26. gxf4 {[%emt 0:01:39]} Nxf4 {[%emt 0:00:20]} 27. Be4 {[%emt 0:00:07]} g5 {[%emt 0:03:36]} 28. Rg1 {[%emt 0:04:09]} Rg8 {[%emt 0:01:45]} 29. d4 {[%emt 0:02:19]} cxd4 {[%emt 0:03:49]} 30. Qxd4 {[%emt 0:00:28]} Qf8 {[%emt 0:00:10]} 31. Qxa7 {[%emt 0:06:05]} Qh6 {[%emt 0:00:11]} 32. Qd4 {[%emt 0:00:37]} g4 {[%emt 0:01:47]} 33. Bd5 {[%emt 0:03:36]} Nxd5 {[%emt 0:01:10]} 34. cxd5 {[%emt 0:00:05]} g3 {[%emt 0:00:19]} 35. Rg2 {[%emt 0:00:25]} gxh2 {[%emt 0:00:48]} 36. Rxh2 {[%emt 0:02:15]} Qg6 {[%emt 0:00:46]} 37. Qe5 {[%emt 0:15:20]} Qg7 {[%emt 0:00:10]} 38. Qe4 {[%emt 0:02:13]} Rg6 {[%emt 0:02:07]} 39. Qd4 {[%emt 0:01:06]} Qxd4 {[%emt 0:00:05]} 40. cxd4 {[%emt 0:00:05]} Rg4 {[%emt 0:01:29]} 41. Rh5 {[%emt 0:04:02]} Rxd4 {[%emt 0:00:20]} 42. Re2 {[%emt 0:00:06]} Rd8 {[%emt 0:00:21]} 43. Ree5 {[%emt 0:00:35]} Ra8 {[%emt 0:02:02]} 44. Re2 {[%emt 0:03:49]} Rd8 {[%emt 0:00:11]} 45. Re7 {[%emt 0:00:13]} R8xd5 {[%emt 0:00:12]} 46. Rhxh7+ {[%emt 0:00:28]} Kg8 {[%emt 0:00:04]} 47. Rhg7+ {[%emt 0:00:15]} Kf8 {[%emt 0:00:34]} 48. Rgf7+ {[%emt 0:00:04]} Kg8 {[%emt 0:00:05]} 49. Rf2 {[%emt 0:00:08]} Rg4 {[%emt 0:01:50]} 50. Ree2 {[%emt 0:00:56]} Rh5+ {[%emt 0:00:20]} 51. Rh2 {[%emt 0:00:05]} Rxh2+ {[%emt 0:00:08]} 52. Kxh2 {[%emt 0:00:05]} Kf7 {[%emt 0:00:11]} 53. Kh3 {[%emt 0:00:06]} Rg6 {[%emt 0:00:54]} 54. a4 {[%emt 0:00:06]} Re6 {[%emt 0:00:18]} 55. Ra2 {[%emt 0:00:21]} Ke7 {[%emt 0:00:11]} 56. Kg4 {[%emt 0:00:05]} Kd7 {[%emt 0:00:24]} 57. Kf5 {[%emt 0:00:07]} Ra6 {[%emt 0:00:17]} 58. Ke5 {[%emt 0:00:07]} Ra5+ {[%emt 0:00:14]} 59. Kd4 {[%emt 0:00:06]} Kc6 {[%emt 0:00:03]} 60. Kc4 {[%emt 0:00:04]} Rh5 {[%emt 0:00:19]} 61. Kd4 {[%emt 0:02:53]} 1/2-1/2

[Event "XI Paracin Festival 2018"]
[Site "Paracin"]
[Date "2018.07.10"]
[Round "5"]
[White "Asadli, Vugar"]
[Black "Gukesh D"]
[Result "0-1"]
[WhiteElo "2478"]
[BlackElo "2433"]
[Annotator "ChessBase"]
[PlyCount "96"]
[EventDate "2018.07.06"]
[EventType "swiss"]
[EventCountry "SRB"]
[SourceTitle "playchess.com"]
[Source "ChessBase"]
[SourceQuality "1"]
[TimeControl "5400+30"]

1. e4 {[%emt 0:00:00]} c6 {[%emt 0:02:46]} 2. d4 {[%emt 0:00:00]} d5 {[%emt 0:00:29]} 3. Nd2 {[%emt 0:00:11]} dxe4 {[%emt 0:00:49]} 4. Nxe4 {[%emt 0:00:08]} Nf6 {[%emt 0:00:05]} 5. Nxf6+ {[%emt 0:00:09]} exf6 {[%emt 0:02:25]} 6. c3 {[%emt 0:00:21]} Bd6 {[%emt 0:00:23]} 7. Bd3 {[%emt 0:00:28]} O-O {[%emt 0:00:11]} 8. Qc2 {[%emt 0:00:21]} Re8+ {[%emt 0:06:02]} 9. Ne2 {[%emt 0:00:06]} g6 {[%emt 0:01:25]} 10. h4 {[%emt 0:00:27]} h5 {[%emt 0:13:23]} 11. Be3 {[%emt 0:06:42]} f5 {[%emt 0:02:04]} 12. O-O-O {[%emt 0:04:42]} Nd7 {[%emt 0:02:27]} 13. Kb1 {[%emt 0:08:09]} Nf6 {[%emt 0:03:17]} 14. Bg5 {[%emt 0:14:19]} Be7 {[%emt 0:00:42]} 15. Nf4 {[%emt 0:03:50]} Nd5 {[%emt 0:02:18]} 16. Bxe7 {[%emt 0:07:26]} Rxe7 {[%emt 0:00:21]} 17. Qd2 {[%emt 0:00:36]} Be6 {[%emt 0:06:23]} 18. Ne2 {[%emt 0:09:12]} a5 {[%emt 0:02:07]} 19. Nc1 {[%emt 0:07:22]} a4 {[%emt 0:05:02]} 20. Rhe1 {[%emt 0:05:57]} Rd7 {[%emt 0:06:13]} 21. g3 {[%emt 0:00:54]} Nf6 {[%emt 0:01:30]} 22. f3 {[%emt 0:03:05]} a3 {[%emt 0:04:06]} 23. b3 {[%emt 0:00:54]} c5 {[%emt 0:07:23]} 24. dxc5 {[%emt 0:01:58]} Qc7 {[%emt 0:00:22]} 25. c4 {[%emt 0:03:16]} Qxg3 {[%emt 0:04:51]} 26. Qc3 {[%emt 0:01:50]} Qxh4 {[%emt 0:01:35]} 27. Ne2 {[%emt 0:00:57]} Rad8 {[%emt 0:02:45]} 28. Rh1 {[%emt 0:01:09]} Qf2 {[%emt 0:01:28]} 29. Nf4 {[%emt 0:00:07]} Qd4 {[%emt 0:01:58]} 30. Qc1 {[%emt 0:00:04]} Qxc5 {[%emt 0:00:37]} 31. Rdg1 {[%emt 0:01:41]} Rd6 {[%emt 0:14:37]} 32. Rg2 {[%emt 0:05:23]} Qd4 {[%emt 0:02:57]} 33. Bc2 {[%emt 0:00:46]} Kh7 {[%emt 0:01:42]} 34. Rgh2 {[%emt 0:01:11]} Qb2+ {[%emt 0:00:58]} 35. Qxb2 {[%emt 0:00:07]} axb2 {[%emt 0:00:01]} 36. Re1 {[%emt 0:00:22]} Bd7 {[%emt 0:01:14]} 37. Nh3 {[%emt 0:01:31]} Re8 {[%emt 0:00:40]} 38. Rg1 {[%emt 0:00:29]} Re7 {[%emt 0:00:42]} 39. Kxb2 {[%emt 0:00:30]} Bc6 {[%emt 0:00:16]} 40. b4 {[%emt 0:00:06]} Kh6 {[%emt 0:00:22]} 41. Ng5 {[%emt 0:00:05]} b6 {[%emt 0:00:20]} 42. a4 {[%emt 0:00:01]} Rd4 {[%emt 0:00:16]} 43. Kc3 {[%emt 0:00:39]} Rf4 {[%emt 0:00:09]} 44. Rh3 {[%emt 0:00:32]} Ng4 {[%emt 0:01:33]} 45. b5 {[%emt 0:00:41]} Bb7 {[%emt 0:00:17]} 46. a5 {[%emt 0:00:00]} Re3+ {[%emt 0:00:34]} 47. Kd2 {[%emt 0:00:02]} Kxg5 {[%emt 0:00:12]} 48. axb6 {[%emt 0:00:09]} Rxc4 {[%emt 0:00:27]} 0-1

[Event "XI Paracin Festival 2018"]
[Site "Paracin"]
[Date "2018.07.10"]
[Round "5"]
[White "Milanovic, Danilo"]
[Black "Kulkarni, Chinmay"]
[Result "1/2-1/2"]
[WhiteElo "2471"]
[BlackElo "2336"]
[Annotator "RC"]
[PlyCount "211"]
[EventDate "2018.07.06"]
[EventType "swiss"]
[EventCountry "SRB"]
[SourceTitle "playchess.com"]
[Source "ChessBase"]
[SourceQuality "1"]
[TimeControl "5400+30"]

1. d4 {[%emt 0:00:00]} d5 {[%emt 0:00:00]} 2. c4 {[%emt 0:01:10]} c6 {[%emt 0:00:00]} 3. cxd5 {[%emt 0:03:59]} cxd5 {[%emt 0:00:08]} 4. Bg5 {[%emt 0:00:09]} h6 {[%emt 0:02:12]} 5. Bh4 {[%emt 0:00:41]} Nc6 {[%emt 0:00:30]} 6. Nc3 {[%emt 0:01:30]} a6 {[%emt 0:07:53]} 7. e3 {[%emt 0:12:47]} g5 {[%emt 0:09:22]} 8. Bg3 {[%emt 0:01:22]} Nf6 {[%emt 0:00:12]} 9. Bd3 {[%emt 0:12:02]} e6 {[%emt 0:01:17]} 10. Nf3 {[%emt 0:09:59]} Rg8 {[%emt 0:06:19]} 11. Ne5 {[%emt 0:04:51]} Nxe5 {[%emt 0:01:20]} 12. Bxe5 {[%emt 0:01:26]} Bd6 {[%emt 0:00:57]} 13. O-O {[%emt 0:23:15]} Bxe5 {[%emt 0:02:36]} 14. dxe5 {[%emt 0:00:04]} Nd7 {[%emt 0:00:06]} 15. Qa4 {[%emt 0:00:24]} Rb8 {[%emt 0:02:06]} 16. Qd4 {[%emt 0:02:54]} Qb6 {[%emt 0:02:53]} 17. Rac1 {[%emt 0:11:46]} Qxb2 {[%emt 0:19:52]} 18. Ne4 {[%emt 0:09:05]} Qxd4 {[%emt 0:00:58]} 19. Nd6+ {[%emt 0:00:05]} Ke7 {[%emt 0:00:10]} 20. exd4 {[%emt 0:00:05]} f6 {[%emt 0:15:44]} 21. Rc7 {[%emt 0:00:05]} fxe5 {[%emt 0:00:05]} 22. dxe5 {[%emt 0:00:09]} Kd8 {[%emt 0:00:04]} 23. Rfc1 {[%emt 0:00:09]} Nxe5 {[%emt 0:00:05]} 24. Bh7 {[%emt 0:00:53]} Rh8 {[%emt 0:02:21]} 25. Nxc8 {[%emt 0:03:07]} Nc6 {[%emt 0:00:09]} 26. Rg7 {[%emt 0:00:08]} Rxc8 {[%emt 0:01:14]} 27. Rxb7 {[%emt 0:00:15]} Rc7 {[%emt 0:00:36]} 28. Rxc7 {[%emt 0:00:10]} Kxc7 {[%emt 0:00:06]} 29. Bd3 {[%emt 0:00:02]} Ra8 {[%emt 0:01:18]} 30. Kf1 {[%emt 0:00:02]} Kd6 {[%emt 0:00:09]} 31. Ke2 {[%emt 0:00:05]} Rb8 {[%emt 0:00:27]} 32. Bxa6 {[%emt 0:02:36]} Rb2+ {[%emt 0:00:31]} 33. Ke3 {[%emt 0:00:42]} Rxa2 {[%emt 0:02:25]} 34. Bb5 {[%emt 0:00:07]} Ra3+ {[%emt 0:00:14]} 35. Kd2 {[%emt 0:00:07]} Nd4 {[%emt 0:00:19]} 36. Rb1 {[%emt 0:00:03]} Ra2+ {[%emt 0:01:07]} 37. Ke3 {[%emt 0:00:03]} Nf5+ {[%emt 0:00:05]} 38. Kf3 {[%emt 0:00:02]} h5 {[%emt 0:00:18]} 39. h3 {[%emt 0:00:24]} e5 {[%emt 0:00:18]} 40. g4 {[%emt 0:00:15]} e4+ {[%emt 0:02:50]} 41. Kg2 {[%emt 0:00:03]} Nh4+ {[%emt 0:00:21]} 42. Kg3 {[%emt 0:00:11]} Ra3+ {[%emt 0:01:22]} 43. Kh2 {[%emt 0:00:06]} hxg4 {[%emt 0:01:09]} 44. hxg4 {[%emt 0:00:04]} Nf3+ {[%emt 0:00:25]} 45. Kg2 {[%emt 0:00:04]} Ne5 {[%emt 0:00:05]} 46. Be2 {[%emt 0:00:04]} Ra2 {[%emt 0:00:34]} 47. Rb6+ {[%emt 0:02:12]} Kc5 {[%emt 0:00:55]} 48. Re6 {[%emt 0:00:04]} Kd4 {[%emt 0:00:16]} 49. Kf1 {[%emt 0:00:07]} Ra1+ {[%emt 0:00:13]} 50. Kg2 {[%emt 0:00:03]} Re1 {[%emt 0:01:08]} 51. Ba6 {[%emt 0:00:23]} Nxg4 {[%emt 0:00:30]} 52. Bb7 {[%emt 0:02:08]} Rb1 {[%emt 0:03:54]} 53. Bc6 {[%emt 0:01:37]} Ne5 {[%emt 0:00:14]} 54. Rd6 {[%emt 0:00:03]} Nxc6 {[%emt 0:00:43]} 55. Rxc6 {[%emt 0:00:04]} Ke5 {[%emt 0:00:12]} 56. Rg6 {[%emt 0:00:03]} Kf5 {[%emt 0:00:06]} 57. Rd6 {[%emt 0:00:05]} Rd1 {[%emt 0:00:28]} 58. Kg3 {[%emt 0:00:16]} Rd3+ {[%emt 0:00:13]} 59. Kg2 {[%emt 0:00:05]} Kg4 {[%emt 0:00:24]} 60. Kf1 {[%emt 0:00:49]} Kf4 {[%emt 0:00:45]} 61. Rd8 {[%emt 0:01:25]} g4 {[%emt 0:00:51]} 62. Rf8+ {[%emt 0:01:58]} Ke5 {[%emt 0:00:09]} 63. Rg8 {[%emt 0:00:04]} g3 {[%emt 0:00:57]} 64. fxg3 {[%emt 0:00:03]} Rd2 {[%emt 0:00:00]} 65. g4 {[%emt 0:01:04]} Kf6 {[%emt 0:04:15]} 66. Re8 {[%emt 0:01:52]} Kg5 {[%emt 0:01:14]} 67. Rg8+ {[%emt 0:00:03]} Kf4 {[%emt 0:00:23]} 68. g5 {[%emt 0:00:33]} Kf5 {[%emt 0:00:08]} 69. g6 {[%emt 0:00:50]} Kf6 {[%emt 0:00:06]} 70. Ke1 {[%emt 0:00:24]} Rg2 {[%emt 0:03:09]} 71. Rf8+ {[%emt 0:00:45]} Ke5 {[%emt 0:00:22]} 72. Rg8 {[%emt 0:00:03]} Kd4 {[%emt 0:01:55]} 73. Kf1 {[%emt 0:00:06]} Rg5 {[%emt 0:00:10]} 74. Ke2 {[%emt 0:00:38]} Rg4 {[%emt 0:02:09]} 75. g7 {[%emt 0:01:36]} Rg5 {[%emt 0:02:13]} 76. Kf2 {[%emt 0:00:35]} Rg4 {[%emt 0:00:59]} 77. Ke2 {[%emt 0:00:04]} Rg6 {[%emt 0:01:12]} 78. Kf1 {[%emt 0:00:53]} e3 {[%emt 0:01:24]} 79. Ke2 {[%emt 0:00:07]} Rg2+ {[%emt 0:01:16]} 80. Kf1 {[%emt 0:00:49]} e2+ {[%emt 0:01:01]} 81. Ke1 {[%emt 0:00:08]} Kd3 {[%emt 0:00:20]} 82. Re8 {[%emt 0:00:06]} Rg1+ {[%emt 0:02:16]} 83. Kf2 {[%emt 0:00:05]} Rxg7 {[%emt 0:00:32]} 84. Re3+ {[%emt 0:00:22]} Kd4 {[%emt 0:00:09]} 85. Rxe2 {[%emt 0:01:40]} Rh7 {[%emt 0:00:21]} 86. Ke1 {[%emt 0:00:45]} Rh1+ {[%emt 0:00:53]} 87. Kd2 {[%emt 0:00:03]} Ra1 {[%emt 0:00:08]} 88. Re8 {[%emt 0:00:16]} Ra2+ {[%emt 0:00:06]} 89. Kc1 {[%emt 0:00:17]} Kd3 {[%emt 0:00:17]} 90. Rh8 {[%emt 0:00:45]} Ra1+ {[%emt 0:01:01]} 91. Kb2 {[%emt 0:00:03]} Re1 {[%emt 0:00:18]} 92. Rh3+ {[%emt 0:01:06]} Re3 {[%emt 0:00:07]} 93. Rh8 {[%emt 0:00:49]} d4 {[%emt 0:00:22]} 94. Rh7 {[%emt 0:00:38]} Kd2 {[%emt 0:00:30]} 95. Rh2+ {[%emt 0:00:29]} Re2 {[%emt 0:00:09]} 96. Rh3 {[%emt 0:00:35]} d3 {[%emt 0:00:34]} 97. Rh1 {[%emt 0:00:28]} Rg2 {[%emt 0:00:40]} 98. Kb3 {[%emt 0:00:23]} Rf2 {[%emt 0:00:56]} 99. Kb2 {[%emt 0:00:28]} Ke3+ {[%emt 0:00:05]} 100. Kc3 {[%emt 0:00:37]} Rc2+ {[%emt 0:00:24]} 101. Kb3 {[%emt 0:00:06]} Rg2 {[%emt 0:01:21]} 102. Kc3 {[%emt 0:00:37]} d2 {[%emt 0:00:26]} 103. Kc2 {[%emt 0:00:40]} Ke2 {[%emt 0:00:32]} 104. Rd1 {[%emt 0:00:28]} Ke3 {[%emt 0:00:19]} 105. Rh1 {[%emt 0:00:04]} Ke2 {[%emt 0:00:32]} 106. Rd1 {[%emt 0:00:04]} 1/2-1/2

[Event "XI Paracin Festival 2018"]
[Site "Paracin"]
[Date "2018.07.10"]
[Round "5"]
[White "Kosic, Dragan"]
[Black "Yordanov, Lachezar"]
[Result "1/2-1/2"]
[WhiteElo "2463"]
[BlackElo "2290"]
[Annotator "ChessBase"]
[PlyCount "61"]
[EventDate "2018.07.06"]
[EventType "swiss"]
[EventCountry "SRB"]
[SourceTitle "playchess.com"]
[Source "ChessBase"]
[SourceQuality "1"]
[TimeControl "5400+30"]

1. d4 {[%emt 0:00:00]} Nf6 {[%emt 0:00:15]} 2. Nf3 {[%emt 0:00:00]} e6 {[%emt 0:00:06]} 3. e3 {[%emt 0:00:10]} d5 {[%emt 0:00:08]} 4. Bd3 {[%emt 0:00:11]} c5 {[%emt 0:00:07]} 5. b3 {[%emt 0:00:05]} Nc6 {[%emt 0:00:05]} 6. O-O {[%emt 0:00:06]} Bd6 {[%emt 0:00:05]} 7. Bb2 {[%emt 0:00:12]} O-O {[%emt 0:00:08]} 8. dxc5 {[%emt 0:01:57]} Bxc5 {[%emt 0:00:13]} 9. Nbd2 {[%emt 0:00:07]} b6 {[%emt 0:07:40]} 10. c4 {[%emt 0:02:10]} dxc4 {[%emt 0:03:16]} 11. Nxc4 {[%emt 0:00:19]} h6 {[%emt 0:01:01]} 12. a3 {[%emt 0:04:23]} a5 {[%emt 0:01:26]} 13. Bxf6 {[%emt 0:11:49]} Qxf6 {[%emt 0:00:31]} 14. Be4 {[%emt 0:00:20]} Rd8 {[%emt 0:01:13]} 15. Qc2 {[%emt 0:11:50]} Bb7 {[%emt 0:01:51]} 16. Rad1 {[%emt 0:08:46]} Qe7 {[%emt 0:08:16]} 17. Rxd8+ {[%emt 0:23:31]} Rxd8 {[%emt 0:02:04]} 18. Qc3 {[%emt 0:00:28]} f5 {[%emt 0:11:22]} 19. Bb1 {[%emt 0:01:39]} b5 {[%emt 0:06:16]} 20. Nxa5 {[%emt 0:07:11]} Nxa5 {[%emt 0:05:27]} 21. Qxa5 {[%emt 0:00:07]} Ra8 {[%emt 0:00:13]} 22. Qxb5 {[%emt 0:05:26]} Ba6 {[%emt 0:01:37]} 23. Qc6 {[%emt 0:01:20]} Bb7 {[%emt 0:00:06]} 24. Qb5 {[%emt 0:00:47]} Ba6 {[%emt 0:00:06]} 25. Qa5 {[%emt 0:11:24]} Bb7 {[%emt 0:03:15]} 26. Qc3 {[%emt 0:00:48]} Bxf3 {[%emt 0:04:35]} 27. gxf3 {[%emt 0:00:06]} Qg5+ {[%emt 0:00:38]} 28. Kh1 Qh5 29. Kg2 {[%emt 0:01:50]} Qg5+ {[%emt 0:00:16]} 30. Kh1 {[%emt 0:00:37]} Qh5 {[%emt 0:00:05]} 31. Kg2 {[%emt 0:01:30]} 1/2-1/2

[Event "XI Paracin Festival 2018"]
[Site "Paracin"]
[Date "2018.07.10"]
[Round "5"]
[White "Ikeda, Junta"]
[Black "Atalik, Suat"]
[Result "1/2-1/2"]
[WhiteElo "2437"]
[BlackElo "2509"]
[Annotator "ChessBase"]
[PlyCount "97"]
[EventDate "2018.07.06"]
[EventType "swiss"]
[EventCountry "SRB"]
[SourceTitle "playchess.com"]
[Source "ChessBase"]
[SourceQuality "1"]
[TimeControl "5400+30"]

1. Nf3 {[%emt 0:00:00]} Nf6 {[%emt 0:00:00]} 2. g3 {[%emt 0:00:00]} g6 {[%emt 0:00:16]} 3. Bg2 {[%emt 0:00:00]} Bg7 {[%emt 0:00:13]} 4. O-O {[%emt 0:00:08]} O-O {[%emt 0:00:07]} 5. d4 {[%emt 0:00:15]} d5 {[%emt 0:00:44]} 6. c4 {[%emt 0:00:18]} dxc4 {[%emt 0:01:09]} 7. Na3 {[%emt 0:00:05]} c5 {[%emt 0:01:54]} 8. dxc5 {[%emt 0:00:22]} c3 {[%emt 0:00:26]} 9. Nb5 {[%emt 0:00:11]} Na6 {[%emt 0:00:22]} 10. Nxc3 {[%emt 0:00:14]} Nxc5 {[%emt 0:00:20]} 11. Be3 {[%emt 0:00:44]} Nfe4 {[%emt 0:00:30]} 12. Nxe4 {[%emt 0:00:14]} Nxe4 {[%emt 0:00:08]} 13. Bd4 {[%emt 0:00:27]} Bxd4 {[%emt 0:00:45]} 14. Qxd4 {[%emt 0:00:25]} Qxd4 {[%emt 0:00:19]} 15. Nxd4 {[%emt 0:00:04]} Nd6 {[%emt 0:00:46]} 16. Rac1 {[%emt 0:00:32]} Rd8 {[%emt 0:04:36]} 17. f4 {[%emt 0:00:49]} Bg4 {[%emt 0:03:42]} 18. h3 {[%emt 0:10:20]} Bd7 {[%emt 0:00:17]} 19. Rc7 {[%emt 0:14:29]} Rab8 {[%emt 0:07:52]} 20. Rfc1 {[%emt 0:09:17]} Kf8 {[%emt 0:01:22]} 21. Kf2 {[%emt 0:04:52]} Ke8 {[%emt 0:10:33]} 22. e4 {[%emt 0:17:16]} Nb5 {[%emt 0:00:32]} 23. Nxb5 {[%emt 0:00:56]} Bxb5 {[%emt 0:00:07]} 24. R1c2 {[%emt 0:01:54]} Bd3 {[%emt 0:07:31]} 25. R2c3 {[%emt 0:08:01]} Bb1 {[%emt 0:02:25]} 26. Ke3 {[%emt 0:01:06]} Bxa2 {[%emt 0:04:40]} 27. Ra3 {[%emt 0:00:25]} Be6 {[%emt 0:00:14]} 28. Rxa7 {[%emt 0:01:07]} Rd7 {[%emt 0:04:23]} 29. Rxd7 {[%emt 0:09:01]} Kxd7 {[%emt 0:03:00]} 30. e5 {[%emt 0:10:52]} Kc7 {[%emt 0:00:13]} 31. g4 {[%emt 0:00:46]} Bd7 {[%emt 0:02:45]} 32. Ra3 {[%emt 0:03:41]} Bc6 {[%emt 0:00:51]} 33. Bxc6 {[%emt 0:04:17]} bxc6 {[%emt 0:00:06]} 34. Ra7+ {[%emt 0:00:30]} Kd8 {[%emt 0:00:06]} 35. f5 {[%emt 0:01:53]} gxf5 {[%emt 0:07:50]} 36. gxf5 {[%emt 0:00:05]} Rxb2 {[%emt 0:00:38]} 37. Ra8+ {[%emt 0:00:23]} Kc7 {[%emt 0:01:21]} 38. Rf8 {[%emt 0:00:28]} f6 {[%emt 0:00:14]} 39. exf6 {[%emt 0:00:18]} exf6 {[%emt 0:00:23]} 40. Rxf6 {[%emt 0:01:54]} Rb3+ {[%emt 0:00:12]} 41. Kd4 {[%emt 0:00:37]} Rxh3 {[%emt 0:00:37]} 42. Kc5 {[%emt 0:00:13]} Kd7 {[%emt 0:01:09]} 43. Rf7+ {[%emt 0:01:04]} Ke8 {[%emt 0:00:06]} 44. Rc7 {[%emt 0:00:36]} h5 {[%emt 0:09:38]} 45. Kd6 {[%emt 0:00:07]} Re3 {[%emt 0:02:23]} 46. Rh7 {[%emt 0:00:28]} c5 {[%emt 0:02:38]} 47. Kxc5 {[%emt 0:00:19]} Rd3 {[%emt 0:00:39]} 48. Kc4 {[%emt 0:00:25]} Rd1 {[%emt 0:00:18]} 49. Rxh5 {[%emt 0:00:25]} 1/2-1/2

[Event "XI Paracin Festival 2018"]
[Site "Paracin"]
[Date "2018.07.10"]
[Round "5"]
[White "Gadimbayli, Abdulla"]
[Black "Colovic, Dusan"]
[Result "1/2-1/2"]
[WhiteElo "2420"]
[BlackElo "2279"]
[Annotator "NA"]
[PlyCount "41"]
[EventDate "2018.07.06"]
[EventType "swiss"]
[EventCountry "SRB"]
[SourceTitle "playchess.com"]
[Source "ChessBase"]
[SourceQuality "1"]
[TimeControl "5400+30"]

1. e4 {[%emt 0:03:31]} e5 {[%emt 0:00:00]} 2. Nf3 {[%emt 0:00:37]} Nc6 {[%emt 0:00:00]} 3. Bb5 {[%emt 0:00:04]} Nf6 {[%emt 0:00:09]} 4. O-O {[%emt 0:00:21]} Nxe4 {[%emt 0:00:23]} 5. Re1 {[%emt 0:00:40]} Nd6 {[%emt 0:00:08]} 6. Nxe5 {[%emt 0:00:06]} Be7 {[%emt 0:00:05]} 7. Bf1 {[%emt 0:00:05]} Nxe5 {[%emt 0:00:17]} 8. Rxe5 {[%emt 0:00:05]} O-O {[%emt 0:00:05]} 9. d4 {[%emt 0:00:47]} Ne8 {[%emt 0:00:55]} 10. d5 {[%emt 0:03:54]} Bc5 {[%emt 0:00:52]} 11. Re1 {[%emt 0:26:27]} d6 {[%emt 0:02:11]} 12. Nc3 {[%emt 0:20:17]} Bf5 {[%emt 0:05:32]} 13. Be3 {[%emt 0:04:05]} Bxe3 {[%emt 0:05:28]} 14. Rxe3 {[%emt 0:00:06]} Nf6 {[%emt 0:00:06]} 15. h3 {[%emt 0:02:02]} Re8 {[%emt 0:00:57]} 16. Rxe8+ {[%emt 0:07:43]} Qxe8 {[%emt 0:00:36]} 17. Qd2 {[%emt 0:00:24]} Ne4 {[%emt 0:23:12]} 18. Qd4 {[%emt 0:01:35]} Nxc3 {[%emt 0:03:41]} 19. Qxc3 {[%emt 0:00:06]} c5 {[%emt 0:07:46]} 20. dxc6 {[%emt 0:09:02]} Qxc6 {[%emt 0:00:20]} 21. Qb4 {[%emt 0:08:36]} 1/2-1/2